书目信息 |
| 题名: |
力学的物理基础
|
|
| 作者: | 哈依金 著 ;应知言 译 | |
| 分册: | 上册 | |
| 出版信息: | 北京 人民教育出版社 1980 |
|
| 页数: | 429页 | |
| 开本: | 21cm | |
| 丛书名: | ||
| 单 册: | ||
| 中图分类: | O369 | |
| 科图分类: | ||
| 主题词: | 物理力学 | |
| 电子资源: | ||
| ISBN: | ||
| 000 | 00687nam0 2200241 45 | |
| 001 | 0180005555 | |
| 005 | 20060816164439.87 | |
| 010 | @dCNY1.20 | |
| 091 | @a13021.0511 | |
| 100 | @a19950808f1980 em y0chiy0121 ea | |
| 101 | 1 | @achi@crus |
| 102 | @aCN@b110000 | |
| 105 | @ay z 000yy | |
| 200 | 10 | @a力学的物理基础@Ali xue de wu li ji chu@h上册@f(苏)С·Э·哈依金著@F(su)С·Э·ha yi jin zhu@g应知言等译 |
| 210 | @a北京@c人民教育出版社@d1980 | |
| 215 | @a429页@d21cm | |
| 606 | @a物理力学 | |
| 690 | @aO369@v3 | |
| 701 | 0 | @a哈依金@Aha yi jin@4著 |
| 702 | 0 | @a应知言@Aying zhi yan@4译 |
| 801 | 2 | @aCN@bNLC@c20060816 |
| 801 | 0 | @aCN@b上海图书馆@c20060726 |
| 905 | @dO369@e1:1 | |
| 力学的物理基础.上册/(苏)С·Э·哈依金著/应知言等译.-北京:人民教育出版社,1980 |
| 429页;21cm |
| ISBN :CNY1.20 |
| ● |
| 相关链接 |
|
|
|
|
正题名:力学的物理基础
索取号:O369/1:1
 
预约/预借
| 序号 | 登录号 | 条形码 | 馆藏地/架位号 | 状态 | 备注 |
| 1 | 0054556 | 202317983 | 密集书库/ [索取号:O369/1:1] | 在馆 | |
| 2 | 0054557 | 202317901 | 密集书库/ [索取号:O369/1:1] | 在馆 | |
| 3 | 0054558 | 202318036 | 密集书库/ [索取号:O369/1:1] | 在馆 | |
| 4 | 0054559 | 202317867 | 密集书库/ [索取号:O369/1:1] | 在馆 | |
| 5 | 0054560 | 202318027 | 密集书库/ [索取号:O369/1:1] | 在馆 | |
| 6 | 0143113 | 202317956 | 密集书库/ [索取号:O369/1:1] | 在馆 | |
| 7 | 0143114 | 202317992 | 密集书库/ [索取号:O369/1:1] | 在馆 | |
| 8 | 0143115 | 202269838 | 密集书库/ [索取号:O369/1:1] | 在馆 | |
| 9 | 0143116 | 202269918 | 密集书库/ [索取号:O369/1:1] | 在馆 | |
| 10 | 0143117 | 202317778 | 密集书库/ [索取号:O369/1:1] | 在馆 | |
| 11 | 0143119 | 202269954 | 密集书库/ [索取号:O369/1:1] | 在馆 | |
| 12 | 0143120 | 202269874 | 密集书库/ [索取号:O369/1:1] | 在馆 | |
| 13 | 0143121 | 000386512 | 第三借阅区/ [索取号:O369/1:1] | 在馆 | |
| 14 | 0143122 | 202095179 | 第二样本阅览室/ [索取号:O369/1:1] | 在馆 | |
| 15 | 0431737 | 204317373 | 密集书库/ [索取号:O369/1:1] | 在馆 | |
| 16 | 0431817 | 204318176 | 密集书库/ [索取号:O369/1:1] | 在馆 | |
| 17 | 0461950 | 204619500 | 密集书库/ [索取号:O369/1:1] | 在馆 |